Science Quiz

Random Science or Animal Quiz

Cryptogram: Animals Quiz Stats

 Plays Quiz not verified by Sporcle

Also try: Mammals of Africa
Challenge
Share
Tweet
Embed
Score 0/16 Timer 06:00
0 Plays Today
Cryptogram Animal % Correct
WWGAGLLAMA
88.7%
YPF JGSFGRED PANDA
64.8%
JZWGY NPGYPOLAR BEAR
63.4%
TGIPWWPGAZELLE
63.4%
NGYYGLQFGBARRACUDA
57.7%
JZYJZKVPPORPOISE
50.7%
XGTQGYJAGUAR
50.7%
NWQP XGDBLUE JAY
49.3%
Cryptogram Animal % Correct
LUKAJGSIPPCHIMPANZEE
49.3%
VGWGAGSFPYSALAMANDER
47.9%
UDPSGHYENA
46.5%
FZMPDOVE
46.5%
KNPEIBEX
45.1%
LGHPYJKWWGYCATERPILLAR
45.1%
ZLHZJQVOCTOPUS
42.3%
UGCOHAWK
29.6%

You're not logged in!

Compare scores with friends on all Sporcle quizzes.
Join for Free
OR
Log In

You Might Also Like...

Show Comments

Extras

Created Aug 2, 2014ReportNominate
Tags:Animal Quiz, cryptogram

Top Quizzes Today


Score Distribution

Your Account Isn't Verified!

In order to create a playlist on Sporcle, you need to verify the email address you used during registration. Go to your Sporcle Settings to finish the process.

Report this User

Report this user for behavior that violates our Community Guidelines.

Details: